Voice actor's guide to recording at home and on the road

সংরক্ষণ করুন:
গ্রন্থ-পঞ্জীর বিবরন
প্রধান লেখক: Hogan, Harlan
সংস্থা লেখক: ebrary, Inc
অন্যান্য লেখক: Fisher, Jeffrey P. (Jeffrey Paul), 1963-
বিন্যাস: বৈদ্যুতিক বৈদ্যুতিন গ্রন্থ
ভাষা:ইংরেজি
প্রকাশিত: Boston, MA : Course Technology, c2009.
বিষয়গুলি:
অনলাইন ব্যবহার করুন:An electronic book accessible through the World Wide Web; click to view
ট্যাগগুলো: ট্যাগ যুক্ত করুন
কোনো ট্যাগ নেই, প্রথমজন হিসাবে ট্যাগ করুন!

MARC

LEADER 00000nam a2200000Ia 4500
001 0000108140
005 20171002055648.0
006 m u
007 cr cn|||||||||
008 070907s2009 maua s 001 0 eng d
010 |z  2007938250 
020 |z 9781598634334 
020 |z 159863433X 
035 |a (CaPaEBR)ebr10282720 
035 |a (OCoLC)567847273 
040 |a CaPaEBR  |c CaPaEBR 
050 1 4 |a TK7881.4  |b .H64 2009eb 
100 1 |a Hogan, Harlan. 
245 1 0 |a Voice actor's guide to recording at home and on the road  |h [electronic resource] /  |c Harlan Hogan, Jeffrey P. Fisher. 
260 |a Boston, MA :  |b Course Technology,  |c c2009. 
300 |a xix, 275 p. :  |b ill. 
500 |a Includes index and guide to websites. 
533 |a Electronic reproduction.  |b Palo Alto, Calif. :  |c ebrary,  |d 2009.  |n Available via World Wide Web.  |n Access may be limited to ebrary affiliated libraries. 
650 0 |a Sound  |x Recording and reproducing  |v Handbooks, manuals, etc. 
650 0 |a Voice-overs  |x Vocational guidance. 
650 0 |a Sound studios. 
655 7 |a Electronic books.  |2 local 
700 1 |a Fisher, Jeffrey P.  |q (Jeffrey Paul),  |d 1963- 
710 2 |a ebrary, Inc. 
856 4 0 |u http://site.ebrary.com/lib/daystar/Doc?id=10282720  |z An electronic book accessible through the World Wide Web; click to view 
908 |a 170314 
942 0 0 |c EB 
999 |c 97290  |d 97290